| 000 | 01032nam a22002417a 4500 | ||
|---|---|---|---|
| 005 | 20211124132746.0 | ||
| 008 | 211123r2014 mx bdo gr|||| 00| 0 spa|d | ||
| 020 | _a9786079350024 | ||
| 050 | 0 | 4 |
_aHD9014.N3 _bI54 2014 |
| 245 | 0 | 0 |
_aInfografía agroalimentaria Nayarit 2014 _c / [Colaboradores Patricia Ornelas Ruíz ... [et al.]]. |
| 250 | _a1a ed. | ||
| 260 |
_aMéxico : _bSecretaría de Agricultura, Ganadería, Desarrollo Rural, Pesca y Alimentación, _c2014 |
||
| 300 |
_a70 p. : _bil. ; _c20 cm. |
||
| 504 | _aIncluye glosario e índice | ||
| 650 | 7 |
_2lemb _aIndustrias alimenticias _vEstadísticas _zNayarit |
|
| 650 | 7 |
_2lemb _aAgricultura de regiones _vEstadísticas _zNayarit |
|
| 650 | 7 |
_2lemb _aIndustrias agropecuarias _vEstadísticas _zNayarit |
|
| 700 | 1 |
_aOrnelas Ruiz, Patricia, _ecolaborador |
|
| 700 | 1 |
_aRamos Escobar, Rolando, _ecolaborador |
|
| 700 | 1 |
_aCampos Leal, José Luis, _ecolaborador |
|
| 710 | 1 | _aSecretaría de Agricultura, Ganadería, Desarrollo Rural, Pesca y Alimentación. | |
| 942 |
_2lcc _cLIB |
||
| 999 |
_c108078 _d108078 |
||